Η συμβολή του Ε.Β.Ε.Δ. στην οικονομική ανάπτυξη της Δωδεκαννήσου : στα πρώτα 40 χρόνια απότην ενσωμάτωση 1948 - 1988

Αποθηκεύτηκε σε:
Λεπτομέρειες βιβλιογραφικής εγγραφής
Κύριος συγγραφέας: Φίνας, Κυριάκος Ι.
Μορφή: Βιβλίο
Γλώσσα:Greek
Δημοσίευση: Αθήνα : Επτάλοφος ΑΒΕΕ, 1988
Σειρά:Οικονομική βιβλιοθήκη Εμπορικού & Βιομηχανικού Επιμελητηρίου Δωδεκανήσου
Θέματα:
Ετικέτες: Προσθήκη ετικέτας
Δεν υπάρχουν, Καταχωρήστε ετικέτα πρώτοι!

MARC

LEADER 00000nam a2200000 i 4500
001 1/43964
008 960222s1988 gre d
035 |l 10025878 
040 |a GR-MY-UA  |b gre  |e aacr 
041 0 |a gre 
082 0 |a 338.94996 
100 1 |a Φίνας, Κυριάκος Ι. 
245 1 2 |a Η συμβολή του Ε.Β.Ε.Δ. στην οικονομική ανάπτυξη της Δωδεκαννήσου :  |b στα πρώτα 40 χρόνια απότην ενσωμάτωση 1948 - 1988 /  |c Κυριάκος Ι.Φίνος 
260 |a Αθήνα :   |b Επτάλοφος ΑΒΕΕ,   |c 1988 
300 |a 246 σ. 
490 1 |a Οικονομική βιβλιοθήκη Εμπορικού & Βιομηχανικού Επιμελητηρίου Δωδεκανήσου 
500 |a Περιλ.βιβλιογραφία και ευρετήριο πινάκων 
650 0 0 |a Economic development  |z Developing countries. 
830 0 |a Οικονομική βιβλιοθήκη Εμπορικού & Βιομηχανικού Επιμελητηρίου Δωδεκανήσου 
852 |a INST  |b CHIOS  |e 19960222  |h 338.94996 ΦΙΝ  |p 005200000903  |q 005200000903  |t BK  |y 0 
909 |a Χ  |b 042568